|
|
|
|
| LEADER |
00000cam a2200000 7i4500 |
| 001 |
0000003450 |
| 005 |
20060322.0 |
| 020 |
0 |
0 |
|a 9280723987
|
| 090 |
0 |
0 |
|a 333.95
|b SCBD
|
| 245 |
1 |
0 |
|a Secretariat of the convention on Biological Diversity (2001)Series No.11. :
|b Status and trends of biodiversity of inland water ecosystems
|
| 260 |
0 |
0 |
|a Montreal, Canada :
|b Secretariat of the convention on Biological Diversity ,
|c 2001
|
| 300 |
|
|
|a iv, 120 p. ;
|c 28 cm.
|
| 440 |
0 |
0 |
|a CBD Technical Series No.11
|
| 650 |
0 |
0 |
|a Biodiversity
|
| 650 |
0 |
0 |
|a Ecosystems
|
| 650 |
0 |
0 |
|a Forest and forestry
|
| 710 |
2 |
1 |
|a Secretariat of the convention on Biological Diversity
|
| 999 |
|
|
|a 0000006361
|b Monograph
|c Open Shelf
|e Default branch
|
| 999 |
|
|
|a 0000006362
|b Monograph
|c Open Shelf
|e Default branch
|